[Event "Stay Safe Play From Home 150"]
[Site "T#646043Emanuel Laske"]
[Date "2020.05.14"]
[Round "1"]
[White "Mruzic"]
[Black "Lazieri3"]
[Result "1-0"]
[WhiteElo "1728"]
[BlackElo "1993"]
[Annotator "NA RC"]
[PlyCount "89"]
[EventDate "2020.05.14"]
[EventType "swiss (blitz)"]

1. d4 {[%emt 0:00:02]} d5 {[%emt 0:00:03]} 2. c4 {[%emt 0:00:00]} c6 {[%emt 0:00:00]} 3. Nc3 {[%emt 0:00:01]} Nf6 {[%emt 0:00:02]} 4. Nf3 {[%emt 0:00:00]} Bf5 {[%emt 0:00:01]} 5. Bg5 {[%emt 0:00:01]} e6 {[%emt 0:00:01]} 6. e3 {[%emt 0:00:01]} Be7 {[%emt 0:00:01]} 7. Qb3 {[%emt 0:00:01]} b6 {[%emt 0:00:01]} 8. cxd5 {[%emt 0:00:02]} exd5 {[%emt 0:00:01]} 9. Rc1 {[%emt 0:00:03]} Ne4 {[%emt 0:00:02]} 10. Bxe7 {[%emt 0:00:11]} Qxe7 {[%emt 0:00:00]} 11. a3 {[%emt 0:00:07]} O-O {[%emt 0:00:03]} 12. Nxd5 {[%emt 0:00:05]} cxd5 {[%emt 0:00:03]} 13. Qxd5 {[%emt 0:00:02]} Nd7 {[%emt 0:00:37]} 14. Qxf5 {[%emt 0:00:02]} Rfe8 {[%emt 0:00:10]} 15. Be2 {[%emt 0:00:02]} Nxf2 {[%emt 0:00:07]} 16. Kxf2 {[%emt 0:00:04]} Qxe3+ {[%emt 0:00:01]} 17. Kg3 {[%emt 0:00:07]} Nf6 {[%emt 0:00:08]} 18. Rhe1 {[%emt 0:00:26]} Ne4+ {[%emt 0:00:17]} 19. Kh3 {[%emt 0:00:16]} Re6 {[%emt 0:00:04]} 20. g3 {[%emt 0:00:21]} Rh6+ {[%emt 0:00:22]} 21. Nh4 {[%emt 0:00:02]} g6 {[%emt 0:00:48]} 22. Qf4 {[%emt 0:00:06]} Nf2+ {[%emt 0:00:04]} 23. Kg2 {[%emt 0:00:06]} Qxf4 {[%emt 0:00:01]} 24. gxf4 {[%emt 0:00:02]} Rxh4 {[%emt 0:00:01]} 25. Kxf2 {[%emt 0:00:01]} Rxf4+ {[%emt 0:00:00]} 26. Ke3 {[%emt 0:00:01]} Rh4 {[%emt 0:00:01]} 27. Bf3 {[%emt 0:00:07]} Re8+ {[%emt 0:00:00]} 28. Kf2 {[%emt 0:00:02]} Rxe1 {[%emt 0:00:00]} 29. Rxe1 {[%emt 0:00:02]} Rxh2+ {[%emt 0:00:00]} 30. Kg3 {[%emt 0:00:01]} Rxb2 {[%emt 0:00:01]} 31. Re8+ {[%emt 0:00:01]} Kg7 {[%emt 0:00:00]} 32. Re7 {[%emt 0:00:01]} Rb3 {[%emt 0:00:00]} 33. Kf4 {[%emt 0:00:01]} Rxa3 {[%emt 0:00:00]} 34. Bd5 {[%emt 0:00:01]} Kh6 {[%emt 0:00:00]} 35. Rxf7 {[%emt 0:00:01]} Ra4 {[%emt 0:00:00]} 36. Ke5 {[%emt 0:00:01]} b5 {[%emt 0:00:01]} 37. Be4 {[%emt 0:00:01]} b4 {[%emt 0:00:00]} 38. d5 {[%emt 0:00:01]} Kg5 {[%emt 0:00:00]} 39. Rb7 {[%emt 0:00:01]} b3 {[%emt 0:00:00]} 40. d6 {[%emt 0:00:01]} Ra5+ {[%emt 0:00:01]} 41. Ke6 {[%emt 0:00:01]} Ra6 {[%emt 0:00:00]} 42. Rxb3 {[%emt 0:00:03]} Rxd6+ {[%emt 0:00:00]} 43. Kxd6 {[%emt 0:00:01]} Kf4 {[%emt 0:00:00]} 44. Bd5 {[%emt 0:00:00]} Kg4 {[%emt 0:00:00]} 45. Rb4+ {[%emt 0:00:00] (Lag: Av=0.49s, max=1.1s)} 1-0

[Event "Stay Safe Play From Home 150"]
[Site "T#646043Emanuel Laske"]
[Date "2020.05.14"]
[Round "1"]
[White "Gibiz144"]
[Black "Klari64"]
[Result "0-1"]
[WhiteElo "1606"]
[BlackElo "2003"]
[Annotator "TA"]
[PlyCount "48"]
[EventDate "2020.05.14"]
[EventType "swiss (blitz)"]

{[%evp 9,48,-100,-89,-85,-93,-99,-82,-133,-61,-68,43,31,81,67,60,68,292,0,145,39,43,-11,-12,-14,0,-375,-339,-603,-353,-644,-558,-636,-662,-659,-648,-922,-712,-1197,-463,-2467,-2441]} 1. d4 Nf6 2. Bg5 Ne4 3. Bh4 d5 4. e3 h5 {[#]} 5. h3 $146 ({Predecessor:} 5. f3 Nd6 6. Nc3 c6 7. e4 dxe4 8. fxe4 Qa5 9. Bd3 g6 10. Nf3 Bg7 11. O-O Bg4 {0-1 (27) Freyberg,D-Krasnici,H (2248) Germany 2001}) 5... g5 6. f3 {A45: Trompowsky Attack.} gxh4 7. fxe4 dxe4 8. Bc4 (8. Qe2 $142) 8... Qd6 (8... Bf5 $17 {Hoping for ...e6.} 9. Qd2 e6) 9. Ne2 $15 Rg8 (9... Bf5 $15) 10. Nf4 $14 Rg3 11. Qxh5 Rxe3+ 12. Ne2 e6 $2 {[#]} ({Black should play} 12... Qg3+ $14 13. Kf1 (13. Kd1 Qg6 $14) 13... Qg7) 13. c3 $2 (13. O-O $18 Qe7 14. Nbc3) 13... Nc6 (13... Qg3+ $1 $11 14. Kf1 {[#]} Rxe2 $1 {[%mdl 512]} 15. Bxe2 Qf4+ 16. Ke1 Bh6) 14. Nd2 (14. O-O $16 Qe7 15. Nd2) 14... Qg3+ 15. Kd1 (15. Kf1 $14 Qg7 16. Qxh4) 15... Qg7 $1 $36 {[%mdl 2048] Black is pushing.} 16. Rf1 Bd7 17. Nf4 $2 {[%mdl 8192]} (17. Kc2 $11) 17... O-O-O $19 18. Kc2 $2 (18. Rc1) 18... Bd6 19. Rae1 $2 (19. a4) 19... Rxe1 {Black is clearly winning.} 20. Rxe1 Bxf4 21. Nxe4 Qxg2+ 22. Re2 Qxh3 {aiming for ...Qf1.} 23. Nf6 Qf5+ (23... Qf1 $142 24. Nxd7 Qc1+ 25. Kb3 Qd1+ 26. Ka3 Rxd7) 24. Ne4 (24. Qxf5 $142 exf5 25. Nxd7 Rxd7 26. Rf2) 24... Qxh5 {Accuracy: White = 36%, Black = 42%.} 0-1

[Event "Stay Safe Play From Home 150"]
[Site "T#646043Emanuel Laske"]
[Date "2020.05.14"]
[Round "2"]
[White "Lamborghini"]
[Black "Sfantul321"]
[Result "1-0"]
[WhiteElo "2243"]
[BlackElo "2047"]
[Annotator "TA"]
[PlyCount "139"]
[EventDate "2020.05.14"]
[EventType "swiss (blitz)"]

{[%evp 9,139,27,53,56,54,17,27,16,37,3,39,35,43,40,41,34,106,0,14,0,7,0,72,66,430,353,331,346,337,329,403,335,454,436,474,481,529,520,518,527,691,684,668,683,654,589,566,290,260,273,498,311,264,225,272,195,334,334,368,363,347,351,331,346,417,299,586,581,571,563,588,488,581,472,493,494,608,602,773,750,629,0,536,520,509,496,496,495,609,616,1757,658,12831,1641,1598,1597,1414,1057,12839,12839,12841,12841,12841,12842,12842,12843,12844,12843,12844,12843,12844,12843,12845,12846,12847,12845,12845,0,12847,12845,12846,12847,12847,12841,12847,12847,12848,12847,12850,12850,12850,27999]} 1. e4 c5 2. Nf3 e6 3. d4 cxd4 4. Nxd4 a6 5. Nc3 d5 6. exd5 {B43: Sicilian: Kan Variation: 5 Nc3.} exd5 7. Bf4 Nc6 8. Be2 {White has an edge.} Nf6 9. O-O Be7 10. Bf3 O-O 11. Re1 Bc5 12. Nb3 $36 {[%mdl 2048] [#] White is pushing.} Ba7 $146 ({Better is} 12... Bb4 $14) ({Predecessor:} 12... Bb4 13. a3 Bxc3 14. bxc3 h6 15. Nd4 Nxd4 16. Qxd4 Be6 17. Be5 Rc8 18. Rad1 b5 19. Bxf6 Qxf6 20. Qxf6 gxf6 21. Bxd5 Bxd5 22. Rxd5 Rxc3 23. a4 Rxc2 {½-½ (23) Fenger,D-Becker,S Germany 1991}) 13. Bg5 (13. Nxd5 $16 {Strongly threatening Bg5.} Nxd5 14. Qxd5 (14. Bxd5 Qf6 $16)) 13... Be6 14. Qd2 h6 15. Bh4 Ne4 (15... Rc8 $11 {remains equal.}) 16. Rxe4 $1 $16 ({Inferior is} 16. Bxd8 Nxd2 17. Nxd2 Rfxd8 $17) 16... g5 $2 {[%mdl 8192] White now steadily converts the win.} (16... dxe4 $14 17. Bxd8 Raxd8) 17. Rxe6 fxe6 18. Bg3 Qf6 19. Re1 {Hoping for Rxe6!} Rae8 20. h3 b5 21. a4 b4 22. Nd1 ({Less strong is} 22. Nxd5 exd5 23. Qxd5+ Kh8 $18) 22... a5 23. Qd3 Nd4 24. Nxd4 Bxd4 25. c3 bxc3 26. bxc3 Bc5 27. Bh5 Rc8 28. Qg6+ Qxg6 29. Bxg6 Kg7 $2 (29... Rc6 {keeps fighting.} 30. Bd3 Rb6) 30. Bd3 Kf7 31. Bb5 h5 32. h4 g4 (32... gxh4 {was worth a try.} 33. Bxh4 Be7) 33. Nb2 $18 Ba3 34. Nd3 Rxc3 35. Ne5+ Kg7 36. Nd7 Rfc8 {and the idea ...Rc1 leaves Black hopeful.} 37. Be5+ Kg6 $2 (37... Kf7 38. Bxc3 Rxc3) 38. Bxc3 {[%mdl 64] [#] Discovered Attack} Rxc3 39. Rxe6+ Kf5 40. Re1 d4 41. Rd1 Bb2 42. Nb6 Ke4 43. Nc4 Rc2 44. Bc6+ Kf5 45. Bb5 $2 (45. Bd7+ $18 Ke4 46. Re1+ Kd5 47. Be6+ Kc6 48. Nxb2 Rxb2 49. Bf7) 45... Bc3 $2 {[%mdl 8192]} (45... Ke4 $1 $11 {and Black is okay.} 46. Re1+ Kf5 47. Ne3+ dxe3 48. Bd3+ {[%mdl 64] Double Attack} Kf6 49. Bxc2 exf2+ 50. Kxf2 Bc3) 46. Nd6+ Ke5 47. Nf7+ Kf6 48. Ng5 g3 49. fxg3 Kf5 50. Nf3 {Bd3+ is the strong threat.} Kg4 51. Nxd4 Bxd4+ 52. Rxd4+ Kxg3 {[%mdl 4096] Endgame KRB-KR} 53. Rd3+ Kxh4 54. Kh2 Kg5 55. Rd5+ Kg4 {[#]} 56. Bd3 $1 Ra2 57. Rxa5 h4 58. Bf5+ Kf4 59. Bh3 Rb2 60. Rb5 Ra2 61. a5 {[%cal Ba4a5,Ba5a6][%mdl 32]} Ra1 62. Rb4+ Kg5 63. Rb5+ Kf4 64. Bc8 {White is clearly winning.} Ra3 65. a6 h3 66. gxh3 Ke4 67. Bb7+ Kd4 68. Rg5 Ke3 69. Rg3+ Kf4 70. Rxa3 {Accuracy: White = 67%, Black = 43%.} 1-0

[Event "Stay Safe Play From Home 150"]
[Site "T#646043Emanuel Laske"]
[Date "2020.05.14"]
[Round "2"]
[White "Little champs"]
[Black "Gmbasti"]
[Result "1-0"]
[WhiteElo "2214"]
[BlackElo "1595"]
[Annotator "TA"]
[PlyCount "77"]
[EventDate "2020.05.14"]
[EventType "swiss (blitz)"]

{[%evp 9,77,4,1,2,15,7,4,0,33,19,25,33,205,191,190,202,189,143,144,135,202,199,205,208,219,214,220,207,252,250,260,249,270,266,271,222,258,248,325,271,281,304,290,273,268,289,300,316,744,721,747,720,1307,1164,4986,3065,5406,5406,5406,5406,5406,5402,5397,1817,29970,29970,29993,29994,29994,29995]} 1. d4 d5 2. e3 Nf6 3. Nf3 h6 {[#]} 4. g3 $146 ({Predecessor:} 4. Bd3 e6 5. b3 Be7 6. Bb2 b6 7. Nbd2 Ba6 8. c4 c6 9. Ne5 O-O 10. O-O Qc7 {1-0 (59) Shamas,S (1740)-Al Wahaibi,S (1213) Muscat 2020}) 4... Bg4 5. Bg2 e6 6. O-O {D04: Colle System.} c5 7. h3 Bxf3 8. Bxf3 {The position is equal.} Be7 9. c4 cxd4 10. exd4 dxc4 $2 {[#] Loses the game.} (10... Nc6 $14) 11. Bxb7 $18 Nbd7 12. Bxa8 Qxa8 13. Nc3 O-O 14. Qe2 Rd8 (14... Qc6 $16 {might work better.} 15. Bf4 Rc8) 15. Qxc4 Nb6 16. Qe2 Bd6 17. Be3 Nbd5 18. Rac1 Nxe3 19. Qxe3 ({But not} 19. fxe3 Bxg3 20. Qg2 (20. Rxf6 gxf6 21. Qg2 Qxg2+ 22. Kxg2 Bb8 $11) 20... Qb8 $18) 19... Bb4 20. a3 Ba5 21. Rfd1 Bb6 22. Rd3 Qb7 23. Rcd1 {[%cal Bc1d1,Bd1d2,Bd2e2][%mdl 32]} Bc7 24. Qf3 Qxb2 25. d5 e5 26. d6 Bb6 27. R1d2 Qa1+ 28. Kg2 Qe1 $2 {[#]} (28... Qc1 29. Nd5 Nxd5) 29. Re2 Qc1 30. Rxe5 Ba5 31. Ne4 Nxe4 32. Qxe4 Bb6 33. Re8+ Rxe8 34. Qxe8+ {KQR-KQB} Kh7 35. Qxf7 Qc6+ 36. Qf3 Qc2 37. d7 {White mates.} Qxf2+ 38. Qxf2 Bxf2 39. Kxf2 {Accuracy: White = 86%, Black = 43%.} 1-0

[Event "Stay Safe Play From Home 150"]
[Site "T#646043Emanuel Laske"]
[Date "2020.05.14"]
[Round "2"]
[White "Position"]
[Black "Mruzic"]
[Result "1-0"]
[WhiteElo "2078"]
[BlackElo "1756"]
[Annotator "TA"]
[PlyCount "115"]
[EventDate "2020.05.14"]
[EventType "swiss (blitz)"]

{[%evp 12,115,22,0,35,0,0,-16,0,-16,-15,-11,0,6,18,0,0,-14,-6,-17,0,10,19,28,53,51,65,0,0,0,0,0,0,-102,8,17,85,76,61,64,138,64,61,-31,0,-44,-16,-20,-16,-17,-15,-16,-12,-21,0,0,185,0,0,0,0,0,14,4,17,0,100,0,0,0,1,0,0,0,0,0,0,0,0,0,0,0,0,0,146,147,147,149,365,362,576,384,349,299,29970,29971,5389,360,381,375,679,205,669,538,1532,1511]} 1. e4 e5 2. Nf3 Nc6 3. Bc4 Bc5 4. d3 Nf6 5. O-O d6 6. h3 Be6 7. Bb3 h6 {C50: Hungarian Defence and Giuoco Pianissimo.} 8. Nbd2 O-O {[#]} 9. Nc4 $146 ({Predecessor:} 9. Re1 Ne7 10. Nf1 Ng6 11. c3 Bb6 12. Bc2 c6 13. d4 Bc7 14. Ng3 Re8 15. Be3 Qc8 16. Qe2 Bd7 17. dxe5 dxe5 18. Rad1 Be6 19. Bb1 b6 20. Qc2 c5 21. a4 c4 22. Ba2 Rd8 23. Rxd8+ Bxd8 {0-1 (55) Schneider,R (1998)-Holzer,R (2194) Vilshofen 2008}) 9... b5 {The position is equal.} 10. Ne3 a5 11. c3 Bxb3 12. Qxb3 Rb8 13. Qd1 Re8 14. Re1 d5 15. Qc2 dxe4 16. dxe4 Bb6 17. Nf5 Kh7 18. Be3 Bxe3 19. Rxe3 (19. Nxe3 $14 Qc8 20. Rad1) 19... g6 $11 20. Rd3 Qc8 21. Ng3 Qe6 22. Rad1 (22. Rdd1 $11) 22... Rbd8 (22... Qxa2 $17 23. R3d2 a4) 23. Rxd8 Rxd8 (23... Nxd8 $11 24. a4 Qc6) 24. Rxd8 $16 Nxd8 25. Qd3 Qd7 (25... Qe8 $14) 26. Qe2 (26. Nxe5 $16 Qxd3 27. Nxd3) 26... Qe8 $14 27. Nd2 ({White should try} 27. Qe3 $14) 27... Nb7 28. b3 Nd6 29. f3 Qc6 30. Qd3 Qc5+ 31. Kh2 h5 32. Ngf1 h4 33. Ne3 c6 $2 {[#]} (33... Nh5 $11 {and Black stays safe.} 34. Ng4 Nf4) 34. Ng4 $2 (34. b4 $1 $18 {[%cal Rb4c5][%mdl 512]} axb4 35. Nb3 Qxc3 36. Qxd6 Nxe4 37. Qe7 (37. fxe4 Qxe3 38. Qxe5 Qf2 $16) 37... Qxe3 38. Qxh4+ (38. fxe4 Qg3+ 39. Kh1 Qf2 $11) (38. Qxe5 $2 Ng3 $19) 38... Kg7 39. Qxe4 (39. fxe4 c5 $14) 39... Qf4+ 40. g3) 34... Nxg4+ 35. hxg4 g5 36. Nf1 Ne8 37. Ne3 Ng7 38. Qd2 f6 (38... b4 $1 $11 39. cxb4 axb4) 39. b4 (39. Nf5 $16) 39... axb4 $11 40. cxb4 Qe7 41. Qc3 Qd7 42. a3 Ne6 43. Nf5 Nd4 44. Qc5 {Black should prevent Qf8.} Nxf5 45. gxf5 {[%mdl 4096] Endgame KQ-KQ} Kg7 46. Qc3 Kf7 47. Qe3 Qc7 (47... Qd4 $11 {keeps the balance.} 48. Qb3+ Qc4) 48. Qb3+ $16 Kg7 {[#]} 49. Qe6 $1 Qf7 $2 {This move loses the game for Black.} (49... Qd8 $16 {was necessary.} 50. Qxc6 Qd2) 50. Qxc6 $18 Qa2 (50... g4 $142 51. Qc5 (51. fxg4 Qb3 $18) (51. Qxb5 gxf3 52. Qf1 fxg2 $18) 51... gxf3 52. gxf3 (52. Qxb5 Qa2 $11) 52... Kh7) 51. Qxb5 Qf2 {( -> ...h3!)} 52. Qd7+ Kf8 $2 (52... Kh6 $18 53. Qd1 g4) 53. Qd6+ Kf7 54. Qd1 $2 (54. Qe6+ Kg7 55. Qe7+ Kg8 56. Qe8+ Kg7 57. Qg6+ Kh8 58. Qxf6+ {[%mdl 64] Double Attack} Kg8 59. Qxg5+ Kf7 60. Qg6+ Kf8 61. f6 Qg3+ 62. Qxg3) 54... Qg3+ 55. Kg1 h3 $2 (55... Ke8 56. Qa4+ Kd8 57. Qd1+ Kc8) 56. Qf1 $2 (56. Qd7+ Kf8 57. Qd6+ {[%mdl 64] Double Attack} Kg8 58. Qe6+ Kg7 59. Qe7+ Kh8 60. Qxf6+ Kg8 61. Qg6+ Kf8 62. Qh6+ Ke7 63. Qxh3) 56... h2+ $2 (56... g4 57. fxg4 hxg2 58. Qc4+ (58. Qxg2 Qe1+ 59. Kh2 Qh4+ 60. Qh3 Qf2+ 61. Qg2 Qh4+ 62. Kg1 Qe1+ 63. Qf1 Qg3+ 64. Kh1 Qh4+ 65. Kg2 Qxg4+ {[%mdl 64] Double Attack} 66. Kf2 Qxe4 $11) 58... Kg7) 57. Kh1 {And now b5 would win.} Qf4 58. Qc4+ {Accuracy: White = 68%, Black = 51%.} 1-0

[Event "Stay Safe Play From Home 150"]
[Site "T#646043Emanuel Laske"]
[Date "2020.05.14"]
[Round "2"]
[White "Weltszmerc"]
[Black "Don59as"]
[Result "1-0"]
[WhiteElo "2056"]
[BlackElo "2061"]
[Annotator "TA"]
[PlyCount "149"]
[EventDate "2020.05.14"]
[EventType "swiss (blitz)"]

{[%evp 9,149,12,15,2,-14,-11,9,0,8,-7,-22,-16,-22,-8,0,-29,11,0,31,41,30,-7,0,-10,-36,-16,-15,-22,-20,-38,33,26,61,0,0,-45,-45,-45,-33,-36,-47,-30,0,0,30,30,53,-2,-10,-107,-105,-91,0,0,0,-444,0,0,39,43,69,0,7,0,56,6,8,0,0,0,0,0,0,0,0,0,50,0,6,0,116,0,0,0,0,-95,0,-428,0,0,0,0,0,-57,-57,-57,-57,-57,-57,-57,-50,-90,-2,-37,-2,-57,-57,-57,-57,-57,-57,-64,-18,-18,-8,-1159,-1071,-1158,-1101,-29976,-29979,-29979,-29980,-29981,-4132,-2173,-2414,-1158,-11,-11,0,-4133,-971,-1052,-295,-29983,-29984,-29979,-11,-11,-13,-13]} 1. d4 d5 2. c4 e5 3. Nf3 exd4 4. Qxd4 Nf6 5. cxd5 Qxd5 {[#]} 6. Qxd5 $146 {D08: Albin Counter Gambit.} (6. Nc3 $5 {[%cal Rc3d5]} Qxd4 7. Nxd4 $11) ({Predecessor:} 6. Nc3 Qxd4 7. Nxd4 Bb4 8. a3 Bxc3+ 9. bxc3 a6 10. Bf4 Nd5 11. Bg3 c5 12. Nb3 {0-1 (36) Svec,L (1702)-Bondick,K (2047) Marianske Lazne 2016}) 6... Nxd5 7. a3 Nc6 8. e4 Nb6 9. Nc3 Be6 10. Bb5 O-O-O 11. Bxc6 bxc6 12. O-O h6 13. Be3 Kb7 14. Nd4 Bc4 15. Rfd1 c5 16. Nf5 Rxd1+ 17. Rxd1 g6 18. Ng3 Bd6 19. f4 h5 (19... Bb3 $15 20. Re1 f6) 20. e5 $14 Be7 21. Nge4 (21. Nce4 $14) 21... Kc6 $11 22. Kf2 Bb3 23. Rc1 Nc4 24. Nd2 Nxd2 25. Bxd2 Rd8 26. Be3 Rd3 27. Ne4 {[%cal Re4c5]} c4 28. Nd2 (28. Bxa7 $14 Kd5 29. Nc3+ Ke6 30. Be3) 28... Kd5 29. Nxb3 (29. Ke2 $11) 29... Rxb3 {[%mdl 4096] Endgame KRB-KRB} 30. Rd1+ Ke4 (30... Kc6 $1 $17 31. Bd4 Bc5) 31. Rd4+ {[%mdl 64] Double Attack} Kf5 32. Kf3 $2 {[%mdl 8192] [#]} (32. Rxc4 $11 Rxb2+ 33. Kf3) 32... Rxb2 $2 (32... Bc5 $2 33. Re4 $19) (32... Rxe3+ $1 $19 {[%mdl 512]} 33. Kxe3 Bc5) 33. Rxc4 Rb3 34. Rxc7 {[%mdl 64] Double Attack} Ke6 35. a4 (35. Ke4 $14) 35... Ra3 36. Rc6+ Kf5 (36... Kd5 $11 37. Rc7 Ke6) 37. h3 {g4+ would kill now.} (37. g3 {looks sharper.} g5 38. Rc7 Bb4 39. Ke2 gxf4 40. Bxf4 Rxa4 41. Rxf7+ Ke6 42. Rh7) 37... h4 38. Rc7 Ke6 39. Rc4 a5 40. Ke4 Ra2 41. Rc6+ Kd7 42. Ra6 Bb4 43. Ra7+ Ke6 44. Ra6+ Ke7 (44... Kd7 $1 $11 {keeps the balance.}) 45. Kf3 (45. f5 $1 $16) 45... Ra3 46. Ra7+ Ke6 {And now ...Rxe3+! would win.} 47. Ra6+ (47. Kf2 $11) 47... Ke7 (47... Kd5 $17 {Hoping for ...Bc5.} 48. Ke2 Ke4) 48. Rc6 $2 {[%mdl 8192] [#]} (48. Ke2 $11) 48... Kd7 $2 (48... Bd2 $1 $19 49. Rc7+ Kf8) 49. Rc4 Ke6 50. Ke4 Ra2 51. Bc5 (51. Rc6+ $11 Kd7 52. Rf6) 51... Bxc5 $15 52. Rxc5 Rxa4+ {KR-KR} 53. Kf3 Kf5 54. e6+ $1 Kxe6 {Threatens to win with ...f5.} 55. Kg4 Ra2 ({Black should play} 55... Kd6 $17 56. Rc8 f6) 56. Rc6+ Ke7 57. Rc7+ (57. Ra6 $11) 57... Kf6 58. Kxh4 Rxg2 59. Ra7 Ra2 {White must now prevent ...a4.} 60. Kg4 Kg7 {Strongly threatening ...Ra1.} 61. h4 $1 a4 {[%cal Ba5a4,Ba4a3][%mdl 32]} 62. f5 $2 {[%mdl 8192] [#]} (62. h5 $11) 62... gxf5+ $1 $19 63. Kxf5 a3 64. h5 Ra1 65. h6+ Kxh6 66. Ra6+ Kh5 (66... Kg7 $142 67. Ra4 a2 68. Kg5 Rg1+ 69. Kf4 a1=Q 70. Rxa1 Rxa1 71. Kf5 Re1 72. Kg4 Rf1 73. Kg3 Kf6 74. Kg2 Rf5 75. Kh2 Kg5 76. Kg3 f6 77. Kh3 Kf4 78. Kg2 Kg4 79. Kh1 Kh3 80. Kg1 Rf4 81. Kh1 Rf1#) 67. Ra8 Rf1+ 68. Ke5 Re1+ $2 (68... f6+ $19 69. Ke6 Rf3 70. Rh8+ Kg4) 69. Kf4 Ra1 {...a2 is the strong threat.} 70. Rh8+ $2 {[%mdl 8192]} (70. Kf5 $11 Kh4 71. Kf4) 70... Kg6 {aiming for ...a2.} 71. Rg8+ Kh7 $2 (71... Kf6 72. Rg2 Ke6) 72. Rf8 $2 (72. Rg2 $19 a2 73. Rh2+ Kg7 74. Rg2+ Kf6 75. Rf2) 72... Kg7 73. Ra8 Rf1+ $2 (73... a2 {mates} 74. Kg3 Rg1+ 75. Kf3 Rf1+ 76. Ke2 a1=Q 77. Rxa1 Rxa1 78. Kd3 f5 79. Ke3 Re1+ 80. Kf2 Re4 81. Kg2 Kg6 82. Kg1 Kg5 83. Kg2 Kf4 84. Kf2 Kg4 85. Kg2 Rf4 86. Kh1 Kg3 87. Kg1 Kh3 88. Kh1 Rf1#) 74. Kg3 $1 $11 Rf6 75. Rxa3 {[%mdl 32768] Accuracy: White = 60%, Black = 62%. . Loss on time!?} 1-0

[Event "Stay Safe Play From Home 150"]
[Site "T#646043Emanuel Laske"]
[Date "2020.05.14"]
[Round "2"]
[White "Chesstiger9"]
[Black "Haris kollari 13"]
[Result "1-0"]
[WhiteElo "2015"]
[BlackElo "1981"]
[Annotator "NA RC"]
[PlyCount "109"]
[EventDate "2020.05.14"]
[EventType "swiss (blitz)"]

1. e4 {[%emt 0:00:02]} e6 {[%emt 0:00:01]} 2. d3 {[%emt 0:00:02]} d5 {[%emt 0:00:01]} 3. Nd2 {[%emt 0:00:01]} Nf6 {[%emt 0:00:01]} 4. g3 {[%emt 0:00:01]} b6 {[%emt 0:00:03]} 5. Bg2 {[%emt 0:00:01]} Bb7 {[%emt 0:00:01]} 6. Ne2 {[%emt 0:00:01]} c5 {[%emt 0:00:01]} 7. O-O {[%emt 0:00:02]} d4 {[%emt 0:00:01]} 8. h3 {[%emt 0:00:03]} e5 {[%emt 0:00:01]} 9. f4 {[%emt 0:00:01]} Bd6 {[%emt 0:00:01]} 10. f5 {[%emt 0:00:02]} Nc6 {[%emt 0:00:01]} 11. Nf3 {[%emt 0:00:02]} Qe7 {[%emt 0:00:02]} 12. g4 {[%emt 0:00:01]} h6 {[%emt 0:00:01]} 13. Ng3 {[%emt 0:00:02]} O-O-O {[%emt 0:00:02]} 14. g5 {[%emt 0:00:06]} hxg5 {[%emt 0:00:02]} 15. Bxg5 {[%emt 0:00:00]} Rdg8 {[%emt 0:00:09]} 16. Nd2 {[%emt 0:00:04]} b5 {[%emt 0:00:04]} 17. a4 {[%emt 0:00:02]} a6 {[%emt 0:00:02]} 18. axb5 {[%emt 0:00:01]} axb5 {[%emt 0:00:01]} 19. c3 {[%emt 0:00:08]} Qd7 {[%emt 0:00:03]} 20. Qb3 {[%emt 0:00:04]} Ne7 {[%emt 0:00:07]} 21. Qxf7 {[%emt 0:00:05]} Kc7 {[%emt 0:00:09]} 22. Rfe1 {[%emt 0:00:14]} Nh7 {[%emt 0:00:02]} 23. Bxe7 {[%emt 0:00:03]} Bxe7 {[%emt 0:00:01]} 24. Qe6 {[%emt 0:00:11]} Qxe6 {[%emt 0:00:04]} 25. fxe6 {[%emt 0:00:01]} Rf8 {[%emt 0:00:07]} 26. Nf5 {[%emt 0:00:03]} Bf6 {[%emt 0:00:08]} 27. cxd4 {[%emt 0:00:03]} cxd4 {[%emt 0:00:03]} 28. Rec1+ {[%emt 0:00:02]} Kb6 {[%emt 0:00:01]} 29. b4 {[%emt 0:00:18]} Re8 {[%emt 0:00:04]} 30. Nb3 {[%emt 0:00:06]} Rxe6 {[%emt 0:00:03]} 31. Nc5 {[%emt 0:00:01]} Rc6 {[%emt 0:00:05]} 32. Nd7+ {[%emt 0:00:06]} Kc7 {[%emt 0:00:02]} 33. Nxf6 {[%emt 0:00:05]} gxf6 {[%emt 0:00:01]} 34. Rxc6+ {[%emt 0:00:03]} Bxc6 {[%emt 0:00:01]} 35. Rc1 {[%emt 0:00:03]} Kb6 {[%emt 0:00:01]} 36. Ne7 {[%emt 0:00:02]} Bd7 {[%emt 0:00:04]} 37. Nd5+ {[%emt 0:00:01]} Kb7 {[%emt 0:00:04]} 38. Rc7+ {[%emt 0:00:01]} Kb8 {[%emt 0:00:01]} 39. Rxd7 {[%emt 0:00:01]} Ng5 {[%emt 0:00:00]} 40. Nxf6 {[%emt 0:00:04]} Rc8 {[%emt 0:00:12]} 41. h4 {[%emt 0:00:05]} Ne6 {[%emt 0:00:02]} 42. Bh3 {[%emt 0:00:04]} Nf4 {[%emt 0:00:02]} 43. Bf5 {[%emt 0:00:08]} Rc2 {[%emt 0:00:05]} 44. Nd5 {[%emt 0:00:03]} Nxd3 {[%emt 0:00:06]} 45. h5 {[%emt 0:00:03]} Ne1 {[%emt 0:00:03]} 46. h6 {[%emt 0:00:03]} Nf3+ {[%emt 0:00:01]} 47. Kf1 {[%emt 0:00:02]} Nh2+ {[%emt 0:00:09]} 48. Ke1 {[%emt 0:00:02]} Nf3+ {[%emt 0:00:02]} 49. Kd1 {[%emt 0:00:03]} Rh2 {[%emt 0:00:01]} 50. h7 {[%emt 0:00:01]} Ng5 {[%emt 0:00:03]} 51. Rg7 {[%emt 0:00:01]} Rh1+ {[%emt 0:00:05]} 52. Kc2 {[%emt 0:00:01]} Rh2+ {[%emt 0:00:02]} 53. Kb3 {[%emt 0:00:00]} Rh3+ {[%emt 0:00:01]} 54. Bxh3 {[%emt 0:00:01]} Nxh3 {[%emt 0:00:01]} 55. h8=Q# {[%emt 0:00:02] (Lag: Av=0.61s, max=4.2s)} 1-0